| 000 | 00969cam a2200289 a 4500 | ||
|---|---|---|---|
| 999 |
_c331702 _d331702 |
||
| 001 | 12518186 | ||
| 003 | NUST | ||
| 005 | 20171016115314.0 | ||
| 008 | 010615s2001 pk d 000 0 eng | ||
| 010 | _a 2001300015 | ||
| 020 | _a9693512197 | ||
| 025 | _aP-E-2001300015; 07 | ||
| 035 | _a(DLC) 200130001 | ||
| 040 |
_aDLC _cDLC |
||
| 042 | _alcode | ||
| 043 | _aa-pk--- | ||
| 050 | 0 | 0 |
_aDS485.R285 _bG39 2001 |
| 082 |
_a954.9142 _bGAZ |
||
| 245 | 0 | 0 | _aGazetteer of the Rawalpindi district, 1893-94. |
| 246 | 3 | 0 | _aRawalpindi district |
| 260 |
_aLahore : _bSang-e-Meel Publications, _c2001. |
||
| 300 |
_ax, 268 p. ; _c25 cm. |
||
| 500 | _aOriginally published: Lahore : The Civil and Military Gazette Press. | ||
| 651 | 0 |
_aRawalpindi District (Pakistan) _vGazetteers. _95471 |
|
| 906 |
_a7 _bcbc _corigode _d2 _encip _f20 _gy-gencatlg |
||
| 942 |
_2ddc _cBK |
||